[Event "PRVA LIGA CS 2020"]
[Site "Bajina basta"]
[Date "2020.10.12"]
[Round "3.5"]
[White "Topalov, Aleksandar"]
[Black "Simonovic, Aleksandar"]
[Result "1/2-1/2"]
[WhiteElo "2228"]
[BlackElo "2375"]
[PlyCount "33"]
[EventDate "2020.10.10"]
[WhiteTeam "OSK PARACIN - Paracin"]
[BlackTeam "SLOGA - Kraljevo"]

1. b3 e5 2. Bb2 Nc6 3. c4 g6 4. Nc3 Bg7 5. g3 h5 6. h4 Nh6 7. Nf3 O-O 8. Nd5 d6
9. Qc2 Bf5 10. d3 Nd4 11. Bxd4 exd4 12. Bg2 Re8 13. O-O Bg4 14. Rae1 c6 15. Nf4
Nf5 16. b4 Bh6 17. Nh3 1/2-1/2

[Event "PRVA LIGA CS 2020"]
[Site "Bajina basta"]
[Date "2020.10.12"]
[Round "3.5"]
[White "Ravic, Nenad"]
[Black "Dezelin, Milan"]
[Result "1-0"]
[WhiteElo "2241"]
[BlackElo "1984"]
[PlyCount "57"]
[EventDate "2020.10.10"]
[WhiteTeam "SLOGA - Kraljevo"]
[BlackTeam "OSK PARACIN - Paracin"]

1. e4 c5 2. Nf3 d6 3. d4 cxd4 4. Nxd4 Nf6 5. Nc3 a6 6. Bc4 e6 7. Bb3 Nbd7 8.
Bg5 Nc5 9. Qe2 Qa5 10. Bd2 Qc7 11. g4 Be7 12. g5 Nfd7 13. f4 b5 14. O-O-O Nb6
15. a3 Bd7 16. Kb1 Nca4 17. f5 Nxc3+ 18. Bxc3 Nc4 19. g6 hxg6 20. fxe6 fxe6 21.
Qg4 Ne5 22. Qg3 Bh4 23. Qh3 Ke7 24. Nxe6 Qc8 25. Rxd6 Bf6 26. Qg3 Kxd6 27. Bb4+
Kc6 28. Bd5+ Kb6 29. Qe3+ 1-0

[Event "PRVA LIGA CS 2020"]
[Site "Bajina basta"]
[Date "2020.10.12"]
[Round "3.5"]
[White "Dimitrijevic, Nenad"]
[Black "Djakovac, Enes"]
[Result "1-0"]
[WhiteElo "2142"]
[BlackElo "2165"]
[PlyCount "85"]
[EventDate "2020.10.10"]
[WhiteTeam "OSK PARACIN - Paracin"]
[BlackTeam "SLOGA - Kraljevo"]

1. d4 Nf6 2. Nf3 e6 3. Bf4 d5 4. e3 Be7 5. Nbd2 O-O 6. Bd3 Nbd7 7. O-O Nh5 8.
Ne5 Nxf4 9. exf4 c5 10. Nxd7 Bxd7 11. dxc5 Bxc5 12. c3 Qf6 13. g3 e5 14. Qh5 e4
15. Nxe4 dxe4 16. Bxe4 Bxf2+ 17. Rxf2 g6 18. Qf3 Bc6 19. Bxc6 bxc6 20. Rd1 Rad8
21. Rxd8 Rxd8 22. f5 Kg7 23. fxg6 Qxf3 24. Rxf3 hxg6 25. Kg2 Rd5 26. Rf2 a5 27.
Kf3 a4 28. Ke3 a3 29. bxa3 Ra5 30. Kd4 Rxa3 31. Kc4 Ra5 32. Kb4 Rb5+ 33. Ka4
Rc5 34. Rc2 f5 35. c4 Kf6 36. Kb4 Re5 37. a4 g5 38. a5 f4 39. gxf4 gxf4 40. a6
Kf5 41. a7 Re8 42. Kc5 Ra8 43. Kb6 1-0

[Event "PRVA LIGA CS 2020"]
[Site "Bajina basta"]
[Date "2020.10.12"]
[Round "3.6"]
[White "Narancic, Vlado"]
[Black "Celik, Hasan Huseyin"]
[Result "0-1"]
[WhiteElo "2281"]
[BlackElo "1970"]
[PlyCount "82"]
[EventDate "2020.10.10"]
[WhiteTeam "VSK SVETI NIKOLAJ SRPSKI - Valjevo"]
[BlackTeam "BORAC - Cacak"]

1. e4 e6 2. d3 d5 3. Nd2 c5 4. c3 Nf6 5. Ngf3 Nc6 6. g3 Be7 7. Bg2 dxe4 8. dxe4
e5 9. O-O Qc7 10. Qe2 Be6 11. a3 O-O 12. b4 Rfd8 13. b5 Na5 14. c4 Nd7 15. Bb2
a6 16. a4 f6 17. Rfc1 Nf8 18. Bf1 Bf7 19. Nh4 Ne6 20. Nf5 Bg6 21. Ra3 Nd4 22.
Nxe7+ Qxe7 23. Qe3 b6 24. Kg2 Bf7 25. Bc3 Nb7 26. a5 axb5 27. cxb5 bxa5 28. b6
a4 29. Bxd4 cxd4 30. Qf3 Qb4 31. Bc4 Qxb6 32. Bxf7+ Kxf7 33. Rb1 Qc6 34. Nc4
Kg8 35. Nb6 Ra7 36. Rxa4 Rxa4 37. Qb3+ Kh8 38. Nxa4 Na5 39. Qb5 Qxe4+ 40. Kg1
Nc6 41. Rc1 d3 0-1

[Event "PRVA LIGA CS 2020"]
[Site "Bajina basta"]
[Date "2020.10.12"]
[Round "3.6"]
[White "Bozic, Milan"]
[Black "Marinkovic, Ivan"]
[Result "1/2-1/2"]
[WhiteElo "2270"]
[BlackElo "2451"]
[PlyCount "25"]
[EventDate "2020.10.10"]
[WhiteTeam "VSK SVETI NIKOLAJ SRPSKI - Valjevo"]
[BlackTeam "BORAC - Cacak"]

1. c4 c5 2. Nf3 Nf6 3. g3 b6 4. Bg2 Bb7 5. Nc3 g6 6. O-O Bg7 7. d3 O-O 8. Bg5
h6 9. Bd2 Nc6 10. a3 Nd4 11. Nxd4 Bxg2 12. Kxg2 cxd4 13. Nd5 1/2-1/2

[Event "PRVA LIGA CS 2020"]
[Site "Bajina basta"]
[Date "2020.10.12"]
[Round "3.6"]
[White "Irizanin, Radoje"]
[Black "Djoric, Dusan"]
[Result "1/2-1/2"]
[WhiteElo "2331"]
[BlackElo "2303"]
[PlyCount "63"]
[EventDate "2020.10.10"]
[WhiteTeam "BORAC - Cacak"]
[BlackTeam "VSK SVETI NIKOLAJ SRPSKI - Valjevo"]

1. c4 e5 2. g3 Nf6 3. Bg2 c6 4. d4 exd4 5. Qxd4 d5 6. Nf3 Be7 7. cxd5 Qxd5 8.
Nc3 Qxd4 9. Nxd4 O-O 10. O-O Rd8 11. Rd1 Na6 12. Bf4 Nb4 13. e4 Bg4 14. Rd2
Rxd4 15. Rxd4 Nc2 16. Rad1 Nxd4 17. Rxd4 Rd8 18. Rxd8+ Bxd8 19. Be3 Bb6 20.
Bxb6 axb6 21. f4 Be6 22. h3 b5 23. a3 Kf8 24. Kf2 Ke7 25. Ke3 Nd7 26. b4 f6 27.
h4 Nb6 28. Bf1 Bc4 29. Bh3 Bb3 30. Bf1 Bc4 31. Bh3 Bb3 32. Bf1 1/2-1/2

[Event "PRVA LIGA CS 2020"]
[Site "Bajina basta"]
[Date "2020.10.12"]
[Round "3.6"]
[White "Novoselski, Zoran"]
[Black "Popovic, Nenad"]
[Result "1-0"]
[WhiteElo "2318"]
[BlackElo "2249"]
[PlyCount "67"]
[EventDate "2020.10.10"]
[WhiteTeam "BORAC - Cacak"]
[BlackTeam "VSK SVETI NIKOLAJ SRPSKI - Valjevo"]

1. g3 d5 2. Bg2 g6 3. c4 d4 4. Nf3 Bg7 5. d3 h5 6. b4 Nh6 7. a4 a5 8. b5 c5 9.
Ra2 Nf5 10. h3 Ra7 11. Bf4 Nd7 12. Qc1 e5 13. Bd2 b6 14. Ng5 Bb7 15. Ne4 Qc7
16. O-O Nf6 17. Nxf6+ Bxf6 18. e4 dxe3 19. Bxe3 Bxg2 20. Kxg2 Qd8 21. Rd1 Rd7
22. Nc3 Rxd3 23. Rad2 Qa8+ 24. Nd5 Rxd2 25. Rxd2 O-O 26. Qd1 Nd4 27. Bxd4 exd4
28. Qf3 Bd8 29. Re2 Qb8 30. Qe4 Qd6 31. f4 Bf6 32. f5 Kg7 33. fxg6 fxg6 34. Nf4
1-0

[Event "PRVA LIGA CS 2020"]
[Site "Bajina basta"]
[Date "2020.10.12"]
[Round "3.5"]
[White "Djordjevic, Vuk"]
[Black "Dizdarevic, Emir"]
[Result "1/2-1/2"]
[WhiteElo "2347"]
[BlackElo "2444"]
[PlyCount "59"]
[EventDate "2020.10.10"]
[WhiteTeam "OSK PARACIN - Paracin"]
[BlackTeam "SLOGA - Kraljevo"]

1. d4 e6 2. Nf3 Nf6 3. Bg5 Be7 4. e3 b6 5. c4 Bb7 6. Nc3 Ne4 7. Nxe4 Bxe4 8.
Bxe7 Qxe7 9. Rc1 c5 10. Be2 O-O 11. O-O d6 12. Nd2 Bb7 13. Bf3 Nc6 14. Nb1 Rac8
15. b3 Nb4 16. Nc3 Bxf3 17. Qxf3 Rfd8 18. a3 cxd4 19. exd4 Nc6 20. Qe3 d5 21.
cxd5 exd5 22. b4 Qd7 23. Rfe1 Re8 24. Qd3 h6 25. h3 Re6 26. Rxe6 Qxe6 27. Rc2
Rd8 28. Nd1 Qf6 29. Rd2 Ne7 30. Ne3 1/2-1/2

[Event "PRVA LIGA CS 2020"]
[Site "Bajina basta"]
[Date "2020.10.12"]
[Round "3.3"]
[White "Dimitrijevic, Zoran"]
[Black "Djordjevic, Nebojsa"]
[Result "1/2-1/2"]
[WhiteElo "2088"]
[BlackElo "2255"]
[PlyCount "109"]
[EventDate "2020.10.10"]
[WhiteTeam "RADNIK Surdulica"]
[BlackTeam "RUDAR - Kostolac"]

1. d4 d5 2. Bf4 Nf6 3. Nf3 e6 4. e3 c5 5. c3 Nc6 6. Nbd2 Bd6 7. Bg5 O-O 8. Bd3
h6 9. Bh4 e5 10. dxe5 Nxe5 11. Nxe5 Bxe5 12. Nf3 Bd6 13. O-O Be6 14. Re1 Be7
15. Nd2 Re8 16. Bb5 Bd7 17. Bxd7 Nxd7 18. Bxe7 Qxe7 19. Qb3 Nf6 20. Rad1 b6 21.
Qc2 Rad8 22. Nf3 Qe6 23. b3 Rd7 24. h3 Red8 25. Re2 Ne4 26. Nd2 Nf6 27. Nf3 g6
28. Kf1 Kg7 29. Kg1 b5 30. a3 Rc8 31. Qb2 a6 32. Kf1 Rcd8 33. Kg1 Kg8 34. Kf1
Ne4 35. Qc2 Qf6 36. Rc1 Rc7 37. Kg1 a5 38. c4 Qc6 39. Rd1 b4 40. Ra1 Nc3 41.
Rd2 Qf6 42. Qb2 dxc4 43. Rxd8+ Qxd8 44. bxc4 Qd3 45. axb4 axb4 46. Ra8+ Kg7 47.
Qd2 Qxd2 48. Nxd2 f5 49. Nb3 Ne4 50. Ra5 Kf7 51. Kf1 Nd6 52. Rxc5 Rxc5 53. Nxc5
Nxc4 54. Ke2 Ke7 55. Kd3 1/2-1/2